Prolighting : Lingerie Shots (Record no. 237204)

MARC details
000 -LEADER
fixed length control field 00369pam a2200145 a 4500
020 ## - INTERNATIONAL STANDARD BOOK NUMBER
Terms of availability
041 ## - LANGUAGE CODE
Language code of original
082 ## - DEWEY DECIMAL CLASSIFICATION NUMBER
Classification number 778.5343
Item number HIC
100 ## - MAIN ENTRY--PERSONAL NAME
Personal name Roger Hicks / F Schultz.
245 ## - TITLE STATEMENT
Title Prolighting : Lingerie Shots
Remainder of title Prolighting : Lingerie Shots
Medium Textual Documents
250 ## - EDITION STATEMENT
Edition statement 1995.
260 ## - PUBLICATION, DISTRIBUTION, ETC.
Place of publication, distribution, etc. America
Name of publisher, distributor, etc. Rotovision Book
300 ## - PHYSICAL DESCRIPTION
Extent 160:
Other physical details paper.
930 ## - EQUIVALENCE OR CROSS-REFERENCE-UNIFORM TITLE HEADING [LOCAL, CANADA]
Uniform title 3414
Holdings
Withdrawn status Lost status Damaged status Not for loan Collection Home library Current library Date acquired Source of acquisition Cost, normal purchase price Total Checkouts Full call number Barcode Date last seen Date last checked out Copy number Price effective from Koha item type
          College of Fine Arts, Pune College of Fine Arts, Pune 24/05/2007 Bhararti Sahakari Grahak Bhandar 875.00 1 778.5343 HIC FAP-3414 29/11/2023 27/11/2023 1 07/03/2023 Book